| 000 -ლიდერი |
| ფიქსირებული სიგრძის საკონტროლო ველი |
00876nam a22001937a 4500 |
| 003 - საკონტროლო ნომრის იდენტიფიკატორი |
| საკონტროლო ველი |
Ge_BSU |
| 005 - ბოლო ოპერაციის თარიღი და დრო |
| საკონტროლო ველი |
20221213110643.0 |
| 008 - ფიქსირებული სიგრძის მონაცემთა ელემენტები - ზოგადი ინფორმაცია |
| ფიქსირებული სიგრძის საკონტროლო ველი |
221213s1974ge xxu||||| |||| 00| 0 geo d |
| 041 ## - ენის კოდი |
| Language code of text/sound track or separate title |
geo |
| 080 ## - უნივერსალური ათობითი კლასიფიკაციის ინდექსი |
| Universal Decimal Classification number |
94(73)"19"+342.511(73) მ-28 |
| 100 ## - მთავარი ჩანაწერი - პიროვნების სახელი |
| Personal name |
მანჩესტერი, უილიამ, ავტ |
| 9 (RLIN) |
16370 |
| 245 ## - ცნობა სათაურის შესახებ |
| Title |
პრეზიდენტ კენედის მკვლელობა / |
| Statement of responsibility, etc |
უილიამ მანჩესტერი ; თარგმნ. ე. კეჭაღმაძისა. |
| 264 ## - წარმოების, გამოცემის, დისტრიბუციის და სხვა ცნობები |
| გამოცემის, წარმოების, დისტრიბუციის... ადგილი |
თბილისი : |
| გამოცემის, წარმოების, დისტრიბუციის... სახელწოდება |
მერანი, |
| გამოცემის, წარმოების, დისტრიბუციის... თარიღი |
1974. |
| 300 ## - ფიზიკური აღწერა |
| Extent |
621 გვ. ; |
| Other physical details |
21 სმ. |
| 653 ## - INDEX TERM--UNCONTROLLED |
| Uncontrolled term |
აშშ-ს პრეზიდენტები. |
| 653 ## - INDEX TERM--UNCONTROLLED |
| Uncontrolled term |
კენედის მკვლელობა. |
| 700 ## - ADDED ENTRY--PERSONAL NAME |
| Personal name |
კეჭაღმაძე, ე |
| Relator term |
მთარგმნელი |
| 9 (RLIN) |
16371 |
| 942 ## - ADDED ENTRY ELEMENTS (KOHA) |
| Source of classification or shelving scheme |
|
| Koha item type |
წიგნი |